Statistics for SanicBall Characters!

Click here to take the quiz!

General Stats

  • This quiz has been taken 4 times
  • The average score is 6 of 15

Answer Stats

HintAnswer% Correct
BlueSanic
100%
RedKnackles
67%
PinkAme Roes
33%
PurpleAsspio
33%
PurpleBig
33%
Pink/PurpleBloze
33%
Yellow And BlackChermy Bee
33%
EggDr. Aggmen
33%
CubeMetal Sanic
33%
WhiteRoge
33%
BlackShedew
33%
GreySulver
33%
OverpoweredSuper Sanic
33%
OrangeTaels
33%
CrocodileVactor
33%

Score Distribution

Percentile by Number Answered

Percent of People with Each Score

Your Score History

You have not taken this quiz